[Event "Reykjavik op"]
[Site "Reykjavik"]
[Date "2014.03.08"]
[Round "6"]
[White "Longo, Tyler"]
[Black "Liang, Awonder"]
[Result "0-1"]
[WhiteElo "1961"]
[BlackElo "2237"]
[PlyCount "98"]
[EventDate "2014.03.04"]
[EventType "swiss"]
[EventRounds "10"]
[EventCountry "ISL"]
[SourceTitle "CBM 159 Extra"]
[Source "ChessBase"]
[SourceDate "2014.04.24"]
[SourceVersion "1"]
[SourceVersionDate "2014.04.24"]
[SourceQuality "1"]

1. d4 Nf6 2. Nf3 g6 3. b3 c5 4. Bb2 Bg7 5. c4 cxd4 6. Nxd4 0-0 7. Nc3 d5 8. e3 Nc6 9. cxd5 Nxd4 10. exd4 Nxd5 11. Ne4 Nb4 12. Qd2 Bf5 13. Qxb4 Bxe4 14. f3 Bc6 15. Be2 a5 16. Qd2 Qb6 17. Rd1 Rfd8 18. Bc4 Bd5 19. 0-0 e5 20. Rf2 Bxc4 21. bxc4 exd4 22. Qg5 Rac8 23. Qb5 Qxb5 24. cxb5 Rc4 25. Rfd2 Rb4 26. Kf1 f5 27. Bc3 Ra4 28. Ke2 Kf7 29. Ba1 Ke6 30. Rc1 d3+ 31. Kf2 Bh6 32. Re1+ Kf7 33. Rb2 d2 34. Rd1 Bg7 35. Rbb1 Rxa2 36. Bxg7 Kxg7 37. Ke2 b6 38. Rb3 Rc2 39. Re3 Kf6 40. f4 Rd6 41. Re8 Re6+ 42. Rxe6+ Kxe6 43. Kd3 Rc8 44. h3 Rd8+ 45. Kc4 h6 46. g4 fxg4 47. hxg4 h5 48. f5+ Kf6 49. fxg6 hxg4 0-1

[Event "Reykjavik op"]
[Site "Reykjavik"]
[Date "2014.03.05"]
[Round "3"]
[White "Christiansen, Johan Sebastian"]
[Black "Longo, Tyler"]
[Result "0-1"]
[WhiteElo "2209"]
[BlackElo "1961"]
[PlyCount "176"]
[EventDate "2014.03.04"]
[EventType "swiss"]
[EventRounds "10"]
[EventCountry "ISL"]
[SourceTitle "CBM 159 Extra"]
[Source "ChessBase"]
[SourceDate "2014.04.24"]
[SourceVersion "1"]
[SourceVersionDate "2014.04.24"]
[SourceQuality "1"]

1. c4 e6 2. g3 d5 3. Bg2 Nf6 4. Nf3 dxc4 5. Qa4+ c6 6. Qxc4 b5 7. Qc2 Bb7 8. Nc3 Nbd7 9. a4 a6 10. 0-0 Be7 11. Re1 0-0 12. d3 Rc8 13. h3 Qb6 14. e4 e5 15. Bg5 h6 16. Be3 c5 17. Nh4 Rfd8 18. Nf5 Bf8 19. Qb3 Bc6 20. Kh2 bxa4 21. Qc2 Rb8 22. Re2 Qb3 23. Qc1 Nb6 24. Rd2 Rd7 25. Bf1 c4 26. Bxb6 Qxb6 27. Ne3 cxd3 28. Bg2 Bc5 29. Nc4 Qc7 30. Nxa4 Bb4 31. Nc3 Bxc3 32. Qxc3 Nxe4 33. Bxe4 Bxe4 34. Nxe5 Qxc3 35. bxc3 Rd6 36. f3 Bh7 37. Rad1 Re8 38. Ng4 Rc8 39. Ne3 Rxc3 40. Kg2 Kf8 41. Kf2 Rdc6 42. Rb1 Rc1 43. Rb8+ Rc8 44. Rdb2 a5 45. Rxc8+ Rxc8 46. Ke1 Rc5 47. Rb7 g5 48. Kd2 h5 49. Rb6 Bg6 50. h4 Ke7 51. Ra6 Kd7 52. hxg5 Rxg5 53. Ra7+ Ke6 54. f4 Rc5 55. Ra6+ Ke7 56. Rb6 Be4 57. Ra6 Rb5 58. Nc4 Rb4 59. Ne3 Rb2+ 60. Kc3 Re2 61. Nd1 Rc2+ 62. Kd4 f5 63. Ne3 Ra2 64. Ra7+ Kd8 65. Ra6 Kc7 66. Kc3 d2 67. Rf6 a4 68. Rf7+ Kc6 69. Rf8 Bf3 70. Rd8 d1Q 71. Nxd1 Bxd1 72. Rxd1 Ra3+ 73. Kd4 Rxg3 74. Ke5 h4 75. Kxf5 h3 76. Rh1 a3 77. Rh2 Kd5 78. Kf6 Ke4 79. f5 Kf4 80. Rf2+ Rf3 81. Ra2 Kg3 82. Kg7 h2 83. Ra1 Kg2 84. Ra2+ Rf2 85. Rxf2+ Kxf2 86. f6 h1Q 87. f7 Qf3 88. Kh8 a2 0-1

[Event "Reykjavik op"]
[Site "Reykjavik"]
[Date "2014.03.04"]
[Round "1"]
[White "Kjartansson, Gudmundur"]
[Black "Longo, Tyler"]
[Result "1-0"]
[WhiteElo "2441"]
[BlackElo "1961"]
[PlyCount "73"]
[EventDate "2014.03.04"]
[EventType "swiss"]
[EventRounds "10"]
[EventCountry "ISL"]
[SourceTitle "CBM 159 Extra"]
[Source "ChessBase"]
[SourceDate "2014.04.24"]
[SourceVersion "1"]
[SourceVersionDate "2014.04.24"]
[SourceQuality "1"]

1. c4 e6 2. g3 Nf6 3. Bg2 a6 4. b3 c5 5. Nf3 Be7 6. 0-0 0-0 7. Bb2 d6 8. d4 cxd4 9. Nxd4 Qc7 10. Nc3 Bd7 11. Rc1 Nc6 12. Nd5 Qd8 13. Nxe7+ Qxe7 14. Ba3 Rfd8 15. Nc2 Be8 16. Qd2 Qd7 17. Bb2 Qe7 18. Rfd1 d5 19. Bxf6 Qxf6 20. cxd5 exd5 21. Bxd5 Ne7 22. e4 Nxd5 23. exd5 Rd6 24. Qd4 Qf5 25. Ne3 Qh3 26. Qg4 Qxg4 27. Nxg4 f5 28. Ne3 f4 29. gxf4 Bh5 30. Rd4 Rf8 31. h3 Bf3 32. Kh2 g6 33. Kg3 Be2 34. Rc2 Bb5 35. a4 Bc6 36. Rb4 Bxd5 37. Rd2 1-0

[Event "CAN-ch op 49th"]
[Site "Victoria"]
[Date "2012.07.10"]
[Round "6"]
[White "Longo, Tyler"]
[Black "Sohal, Tanraj"]
[Result "1/2-1/2"]
[WhiteElo "1909"]
[BlackElo "2102"]
[PlyCount "113"]
[EventDate "2012.07.08"]
[EventType "swiss"]
[EventRounds "9"]
[EventCountry "CAN"]
[SourceTitle "CBM 149 Extra"]
[Source "ChessBase"]
[SourceDate "2012.08.24"]
[SourceVersion "1"]
[SourceVersionDate "2012.08.24"]
[SourceQuality "1"]

1. d4 d5 2. Nf3 e6 3. e3 Nf6 4. Bd3 c5 5. b3 Be7 6. Nbd2 0-0 7. Bb2 b6 8. 0-0 Bb7 9. Ne5 Nbd7 10. f4 Ne4 11. Nxe4 dxe4 12. Bc4 Nf6 13. f5 exf5 14. Rxf5 cxd4 15. Bxd4 Bc5 16. Bxc5 bxc5 17. Qe2 Qe7 18. Raf1 Bc8 19. Rg5 Kh8 20. Nxf7+ Rxf7 21. Bxf7 Qxf7 22. Rxc5 Be6 23. Re5 Bg4 24. Qa6 Qc7 25. Rg5 Qc3 26. Rxg7 Kxg7 27. Qb7+ Kg6 28. Qxa8 Be2 29. Rxf6+ Qxf6 30. Qxe4+ Qf5 31. Qxf5+ Kxf5 32. Kf2 Bd1 33. c4 Ke4 34. Ke1 Bg4 35. Kd2 Bd7 36. a4 Bc6 37. a5 a6 38. Ke2 Be8 39. Kd2 Bf7 40. Ke2 Be6 41. Kd2 Bf7 42. Ke2 Be8 43. Kd2 Bh5 44. g3 Bf7 45. Ke2 Be6 46. Kd2 h5 47. Ke2 Bd7 48. Kd2 Bg4 49. b4 Bd7 50. b5 axb5 51. cxb5 Bxb5 52. h3 Kf3 53. g4 hxg4 54. hxg4 Kxg4 55. Kc3 Kf5 56. Kd4 Ke6 57. e4 1/2-1/2

[Event "CAN-ch Post-Secondary A"]
[Site "Waterloo"]
[Date "2011.01.16"]
[Round "4.1"]
[White "Stevens, Christian"]
[Black "Longo, Tyler"]
[Result "1-0"]
[WhiteElo "2338"]
[BlackElo "2031"]
[PlyCount "49"]
[EventDate "2011.01.15"]
[EventType "swiss"]
[EventRounds "4"]
[EventCountry "CAN"]
[SourceTitle "EXT 2022"]
[Source "ChessBase"]
[SourceDate "2021.10.06"]
[SourceVersion "1"]
[SourceVersionDate "2021.10.06"]
[SourceQuality "1"]

1. e4 d5 2. exd5 Nf6 3. d4 Bg4 4. Be2 Bxe2 5. Qxe2 Qxd5 6. Nf3 Nc6 7. 0-0 0-0-0 8. Be3 e6 9. c4 Qf5 10. Nc3 Be7 11. Rac1 Rhe8 12. Rfd1 Kb8 13. c5 Nd5 14. b4 Ncxb4 15. Nxd5 Nxd5 16. c6 Nb6 17. cxb7 Kxb7 18. Ne5 f6 19. Rxc7+ Kxc7 20. Qa6 Qxe5 21. Qxa7+ Kc6 22. Rc1+ Bc5 23. dxc5 Rd5 24. Qa5 Nc4 25. Qa4+ 1-0

[Event "CAN-ch Post-Secondary A"]
[Site "Waterloo"]
[Date "2011.01.15"]
[Round "1"]
[White "Cheng, Bindi"]
[Black "Longo, Tyler"]
[Result "1-0"]
[WhiteElo "2485"]
[BlackElo "2031"]
[PlyCount "51"]
[EventDate "2011.01.15"]
[EventType "swiss"]
[EventRounds "4"]
[EventCountry "CAN"]
[SourceTitle "EXT 2022"]
[Source "ChessBase"]
[SourceDate "2021.10.06"]
[SourceVersion "1"]
[SourceVersionDate "2021.10.06"]
[SourceQuality "1"]

1. d4 d5 2. Nf3 Nf6 3. g3 g6 4. Bg2 Bg7 5. 0-0 0-0 6. c4 c6 7. cxd5 cxd5 8. Nc3 Nc6 9. Ne5 e6 10. Nxc6 bxc6 11. b3 c5 12. Ba3 Qa5 13. Na4 cxd4 14. Bxf8 Kxf8 15. Qxd4 Ne4 16. Qe3 Bxa1 17. Rxa1 Bd7 18. Qd4 Ke7 19. Bxe4 Bxa4 20. Bxd5 Rd8 21. Qh4+ Ke8 22. Bxe6 Bc6 23. Qf6 fxe6 24. Qxe6+ Kf8 25. Qxc6 Rd2 26. Rc1 1-0

[Event "CAN-ch Post-Secondary"]
[Site "Toronto"]
[Date "2010.01.17"]
[Round "4"]
[White "Stevens, Christian"]
[Black "Longo, Tyler"]
[Result "1-0"]
[WhiteElo "2398"]
[BlackElo "1973"]
[PlyCount "65"]
[EventDate "2010.01.15"]
[EventType "team-tourn"]
[EventRounds "5"]
[EventCountry "CAN"]
[SourceTitle "EXT 2011"]
[Source "ChessBase"]
[SourceDate "2010.11.26"]
[SourceVersion "1"]
[SourceVersionDate "2010.11.26"]
[SourceQuality "1"]

1. d4 d5 2. Nf3 Nf6 3. Bf4 c5 4. e3 Qb6 5. Nc3 Bd7 6. Rb1 e6 7. Be2 Bd6 8. Ne5 0-0 9. 0-0 cxd4 10. exd4 Rd8 11. Bd3 Nc6 12. Nxc6 Bxc6 13. Bg5 Be7 14. Ne2 Bb5 15. c3 Qa6 16. Bxb5 Qxb5 17. Nf4 h6 18. Bxf6 Bxf6 19. Qg4 Be7 20. Nh5 Bf8 21. f4 Qd3 22. Rbd1 Qf5 23. Qf3 Qe4 24. Qf2 Qg6 25. Ng3 Re8 26. f5 exf5 27. Nxf5 Re4 28. Rd3 Rae8 29. Rg3 Qe6 30. Nxh6+ Qxh6 31. Qxf7+ Kh7 32. Rh3 Qxh3 33. gxh3 1-0

[Event "Quebec op U2000"]
[Site "Montreal"]
[Date "2008.07.26"]
[Round "8"]
[White "Lacroix, Serge"]
[Black "Longo, Tyler"]
[Result "1-0"]
[WhiteElo "1836"]
[BlackElo "1907"]
[PlyCount "109"]
[EventDate "2008.07.19"]
[EventType "swiss"]
[EventRounds "8"]
[EventCountry "CAN"]
[SourceTitle "EXT 2011"]
[Source "ChessBase"]
[SourceDate "2010.11.26"]
[SourceVersion "1"]
[SourceVersionDate "2010.11.26"]
[SourceQuality "1"]

1. d4 d5 2. Nf3 c5 3. e3 Nf6 4. Bd3 Nc6 5. b3 cxd4 6. exd4 Bg4 7. Bb2 e6 8. 0-0 Be7 9. Nbd2 0-0 10. a3 Qc7 11. Qe1 Nh5 12. h3 Bxf3 13. Nxf3 Nf4 14. Qd2 Nxd3 15. Qxd3 Bf6 16. Rae1 Rac8 17. Re2 Ne7 18. Ne5 Bxe5 19. dxe5 Qb6 20. Kh1 Rc6 21. f4 Qa6 22. Qf3 Rfc8 23. Rff2 Qb6 24. g4 g6 25. Qg3 Qc7 26. h4 Kf8 27. h5 Ke8 28. Qh4 gxh5 29. Qxh5 Ng6 30. a4 Qe7 31. c3 a5 32. f5 Qh4+ 33. Qxh4 Nxh4 34. Rf4 Rb6 35. Kh2 Rxb3 36. Kh3 d4 37. Kxh4 dxc3 38. Bc1 exf5 39. gxf5 Rb4 40. Kg5 Rd8 41. Kf6 Rb6+ 42. e6 Rd1 43. Ba3 fxe6 44. fxe6 Ra1 45. Rg2 Kd8 46. Be7+ Kc7 47. Rc4+ Rc6 48. Rxc6+ Kxc6 49. Bd8 Rxa4 50. Re2 Rf4+ 51. Kg7 Kd6 52. e7 c2 53. e8Q c1Q 54. Qe6+ Kc5 55. Qc8+ 1-0

[Event "Canadian op"]
[Site "Edmonton"]
[Date "2005.07.10"]
[Round "3"]
[White "Brodie, Hugh"]
[Black "Longo, Tyler"]
[Result "0-1"]
[WhiteElo "1915"]
[BlackElo "1733"]
[PlyCount "56"]
[EventDate "2005.07.09"]
[EventType "swiss"]
[EventRounds "10"]
[EventCountry "CAN"]
[SourceTitle "CBM 107 Extra"]
[Source "ChessBase"]
[SourceDate "2005.09.01"]
[SourceVersion "1"]
[SourceVersionDate "2005.09.01"]
[SourceQuality "1"]

1. e4 e6 2. d3 d5 3. Nd2 Nf6 4. Ngf3 dxe4 5. dxe4 Nc6 6. Bb5 Bd7 7. 0-0 Bc5 8. c3 a6 9. Ba4 Qe7 10. Qe2 e5 11. h3 Nh5 12. Bxc6 Bxc6 13. Nb3 Ng3 14. Qc4 Nxe4 15. Nxc5 Nxc5 16. Bg5 f6 17. Be3 Ne6 18. a4 Bxf3 19. gxf3 0-0-0 20. b4 f5 21. Rfe1 Rd6 22. Kf1 f4 23. Bc5 Nxc5 24. Qxc5 Qh4 25. Rxe5 Qxh3+ 26. Ke2 Rhd8 27. Rh5 Rd2+ 28. Ke1 Qxf3 0-1